[Event "57th World Juniors 2018"]
[Site "Manavgat TUR"]
[Date "2018.09.14"]
[Round "10.31"]
[White "Tutisani, Noe"]
[Black "Kalogeris, Ioannis"]
[Result "1/2-1/2"]
[WhiteTitle "IM"]
[WhiteElo "2471"]
[BlackElo "2352"]
[WhiteFideId "13602853"]
[BlackFideId "4239563"]
[EventDate "2018.09.05"]

1. e4 e5 2. Nf3 Nc6 3. Bb5 Nf6 4. d3 Bc5 5. Bxc6 dxc6 6. Be3 Bd6 7. Nc3 O-O 8.
h3 Re8 9. O-O Nd7 10. Nd2 Nf8 11. Ne2 Ne6 12. Nc4 c5 13. a4 f6 14. Qd2 g5 15.
Ng3 Nf4 16. Qd1 Be6 17. Bd2 Qd7 18. Ne3 Rf8 19. Ngf5 Ng6 20. g3 Ne7 21. Qf3 Bxf5
22. Nxf5 Nxf5 23. exf5 c6 24. Rfe1 Rf7 25. Re4 Bf8 26. h4 gxh4 27. Rxh4 Qd5 28.
Qh5 Rg7 29. b3 Rd8 30. Be3 b6 31. Re4 Qf7 32. Qh4 Kh8 33. Kg2 Bd6 34. Rh1 Rd7
35. Qh3 Bf8 36. f3 Rb7 37. Rh4 Bd6 38. Re4 Rd7 39. Kf2 Rb7 40. Qh4 Rd7 41. Rg4
Rxg4 42. Qxg4 Bf8 43. Qe4 Qd5 44. Ke2 Rg7 45. g4 Rf7 46. Kd2 Be7 47. Re1 Kg8 48.
Kc1 Kf8 49. Bh6+ Ke8 50. c4 Qxe4 51. dxe4 Bd8 52. Rd1 Rc7 53. Kd2 b5 54. Kc2 Rb7
55. Bd2 a6 56. Ra1 Kd7 57. Bc3 Ke8 58. Rh1 Kf8 59. Rd1 Be7 60. Ra1 Bd8 61. axb5
axb5 62. Ra6 bxc4 63. bxc4 Bb6 64. Ra8+ Kf7 65. Bd2 Ra7 66. Rxa7+ Bxa7 67. Be3
Bb6 68. Kd3 Ke7 69. Ke2 Kf7 70. Kf2 Ke7 71. Kg3 Kf7 72. Kh4 Kf8 73. f4 Bc7 74.
Bxc5+ Kg7 75. g5 exf4 76. Bd4 Be5 77. gxf6+ Bxf6+ 78. Bxf6+ Kxf6 79. Kg4 Ke5 80.
c5 h6 1/2-1/2

[Event "57th World Juniors 2018"]
[Site "Manavgat TUR"]
[Date "2018.09.14"]
[Round "10.32"]
[White "Hollan, Martin"]
[Black "Haldorsen, Benjamin"]
[Result "0-1"]
[WhiteTitle "FM"]
[BlackTitle "FM"]
[WhiteElo "2336"]
[BlackElo "2461"]
[WhiteFideId "360937"]
[BlackFideId "1512633"]
[EventDate "2018.09.05"]

1. Nf3 d5 2. e3 Nf6 3. c4 e6 4. Nc3 dxc4 5. Bxc4 a6 6. a4 c5 7. O-O Nc6 8. b3
Be7 9. Bb2 b6 10. Ng5 Ne5 11. Nce4 Nxc4 12. bxc4 Nxe4 13. Nxe4 O-O 14. Qf3 Ra7
15. Qg3 f6 16. d4 Rd7 17. a5 Bb7 18. Nc3 bxa5 19. Na4 cxd4 20. exd4 Bb4 21. Nc5
Bxc5 22. dxc5 Bc6 23. Qg4 Re8 24. Rfd1 e5 25. Rxd7 Bxd7 26. Qe4 Qc7 27. Bc3 Bc6
28. Qf5 a4 29. Rd1 Qa7 30. Bb4 Qb7 31. Ba3 Bxg2 32. Rd7 Qf3 33. Rxg7+ Kxg7 34.
Qd7+ Kf8 35. c6+ Qxa3 0-1

[Event "57th World Juniors 2018"]
[Site "Manavgat TUR"]
[Date "2018.09.14"]
[Round "10.33"]
[White "Zhao, Chenxi"]
[Black "Morozov, Nichita"]
[Result "1-0"]
[BlackTitle "IM"]
[WhiteElo "2275"]
[BlackElo "2452"]
[WhiteFideId "8611513"]
[BlackFideId "13900897"]
[EventDate "2018.09.05"]

1. Nf3 Nf6 2. g3 d5 3. Bg2 c6 4. O-O Bf5 5. d3 h6 6. c4 dxc4 7. dxc4 Nbd7 8. Nc3
e5 9. h3 Be7 10. Be3 O-O 11. a3 Ne4 12. Nxe4 Bxe4 13. Qb3 Qc7 14. Rfd1 Rfd8 15.
Qc3 Bf6 16. Qb4 a5 17. Qa4 Be7 18. Qb3 a4 19. Qc3 Bf6 20. Nd2 Bxg2 21. Kxg2 Be7
22. Qc2 Bc5 23. Nf1 Qb6 24. Rd6 Bd4 25. Bxd4 exd4 26. Rd1 Nc5 27. R6xd4 Rxd4 28.
Rxd4 Qb3 29. Qxb3 axb3 30. Nd2 Kf8 31. Kf1 Ke7 32. Rf4 g6 33. Rf3 Ra6 34. Nxb3
Na4 35. Nd2 Nxb2 36. Rb3 Na4 37. Rxb7+ Ke6 38. Nb3 Kf6 39. c5 Ke6 40. e3 f5 41.
Nd4+ Kd5 42. Rd7+ Ke4 43. Rd6 Nxc5 44. Rxg6 Rxa3 45. Rxc6 Nd3 46. Re6+ Kd5 47.
Rf6 f4 48. gxf4 Ra2 49. Ne2 Rd2 50. Nc3+ Kc4 51. Rc6+ Kb4 52. Ne4 1-0

[Event "57th World Juniors 2018"]
[Site "Manavgat TUR"]
[Date "2018.09.14"]
[Round "10.34"]
[White "Makhnev, Denis"]
[Black "Sawlin, Leonid"]
[Result "1/2-1/2"]
[WhiteTitle "IM"]
[BlackTitle "FM"]
[WhiteElo "2449"]
[BlackElo "2355"]
[WhiteFideId "13707647"]
[BlackFideId "4689542"]
[EventDate "2018.09.05"]

1. d4 e6 2. c4 d5 3. Nf3 c6 4. Qc2 Nf6 5. g3 Be7 6. Nbd2 O-O 7. Bg2 b6 8. O-O
Na6 9. e4 Bb7 10. e5 Nd7 11. a3 Rc8 12. cxd5 cxd5 13. Qd3 Nc7 14. Re1 a5 15. h4
Ba6 16. Qe3 a4 17. Nh2 Nb8 18. h5 Nc6 19. h6 g6 20. Ndf3 Na5 21. Ng4 Nb3 22. Rb1
Bc4 23. Nd2 Nb5 24. Nxb3 Bxb3 25. Bf1 Bc4 26. Bg2 Bb3 27. Bf1 Bc4 28. Bg2 Bb3
29. Bf1 Bc4 30. Bg2 Bb3 1/2-1/2

[Event "57th World Juniors 2018"]
[Site "Manavgat TUR"]
[Date "2018.09.14"]
[Round "10.35"]
[White "Bashirli, Nail"]
[Black "Mohammad, Nubairshah Shaikh"]
[Result "0-1"]
[WhiteTitle "IM"]
[BlackTitle "IM"]
[WhiteElo "2354"]
[BlackElo "2443"]
[WhiteFideId "13406809"]
[BlackFideId "5053196"]
[EventDate "2018.09.05"]

1. e4 g6 2. d4 Bg7 3. Nc3 c6 4. Nf3 d6 5. Be2 Nf6 6. O-O O-O 7. h3 Nbd7 8. e5
Ne8 9. exd6 Nxd6 10. Bf4 Nf6 11. Qc1 Bf5 12. Rd1 Rc8 13. g4 Be6 14. Ne5 Qa5 15.
Bh6 Rfd8 16. Bxg7 Kxg7 17. Qe3 Nb5 18. g5 Nxc3 19. gxf6+ exf6 20. bxc3 fxe5 21.
dxe5 Rd5 22. f4 Qc5 23. Kf2 Bxh3 24. Rd4 Bf5 25. Rad1 Bxc2 26. Rh1 Bf5 27. Bd3
Qxc3 28. Bxf5 Qxe3+ 29. Kxe3 gxf5 30. Rg1+ Kf8 31. Rg5 Rcd8 32. Rxd5 Rxd5 33.
Rxf5 Ra5 34. Rh5 Kg7 35. Rg5+ Kf8 36. Rh5 Rxa2 37. Rxh7 Rb2 38. f5 a5 39. Kf4
Kg8 40. Rh1 a4 41. Ra1 b5 42. Kg5 Kg7 43. f6+ Kf8 44. Rc1 a3 45. Rxc6 Ke8 46.
Rc7 a2 47. Re7+ Kd8 48. Ra7 b4 49. e6 Rg2+ 50. Kh5 fxe6 51. Ra8+ Kd7 52. f7 Rf2
53. Rxa2 Rxf7 54. Ra7+ Ke8 55. Ra6 Rb7 56. Rxe6+ Kd7 57. Re1 b3 58. Kg4 b2 59.
Rb1 Kc6 60. Kf3 Kc5 0-1

[Event "57th World Juniors 2018"]
[Site "Manavgat TUR"]
[Date "2018.09.14"]
[Round "10.36"]
[White "Haria, Ravi"]
[Black "Ozen, Bahadir"]
[Result "1/2-1/2"]
[WhiteTitle "IM"]
[BlackTitle "FM"]
[WhiteElo "2442"]
[BlackElo "2326"]
[WhiteFideId "415820"]
[BlackFideId "6337058"]
[EventDate "2018.09.05"]

1. e4 e5 2. Nf3 Nc6 3. Bc4 Bc5 4. c3 Nf6 5. d3 d6 6. O-O a5 7. a4 Ba7 8. Na3 h6
9. h3 O-O 10. Re1 Be6 11. Qb3 Qd7 12. Nb5 Bb6 13. Be3 Bxe3 14. Rxe3 Rfe8 15.
Rae1 Bxc4 16. dxc4 b6 17. Rd1 Nd8 18. Qc2 Qc6 19. b3 Ne6 20. Nd2 g6 21. Nf1 Kg7
22. Ree1 Rf8 23. f3 Rfd8 24. Qf2 Nc5 25. Qb2 Qb7 26. Ne3 c6 27. Na3 Qe7 28. Nb1
Nh5 29. Qc2 Qg5 30. Nd2 Nf4 31. Kh2 h5 32. Ndf1 h4 33. Rd2 Qf6 1/2-1/2

[Event "57th World Juniors 2018"]
[Site "Manavgat TUR"]
[Date "2018.09.14"]
[Round "10.37"]
[White "Pigeat, Alexandre"]
[Black "Raja, Harshit"]
[Result "0-1"]
[WhiteTitle "FM"]
[BlackTitle "IM"]
[WhiteElo "2347"]
[BlackElo "2419"]
[WhiteFideId "20649444"]
[BlackFideId "5089000"]
[EventDate "2018.09.05"]

1. d4 Nf6 2. c4 e6 3. Nc3 Bb4 4. e3 O-O 5. Ne2 c6 6. a3 Ba5 7. b4 Bc7 8. e4 d5
9. Bg5 h6 10. Bxf6 Qxf6 11. e5 Qe7 12. Ng3 f6 13. f4 fxe5 14. fxe5 a5 15. b5 Qh4
16. cxd5 exd5 17. Ra2 a4 18. Bd3 Ba5 19. Rc2 Be6 20. Qd2 c5 21. Kd1 cxd4 22.
Bh7+ Kxh7 23. Qd3+ Kg8 24. Nce2 Bb6 25. Re1 Nd7 26. Qg6 Qg4 27. Qxg4 Bxg4 0-1

[Event "57th World Juniors 2018"]
[Site "Manavgat TUR"]
[Date "2018.09.14"]
[Round "10.39"]
[White "Ozen, Deniz"]
[Black "Tuncer, Tuna"]
[Result "1/2-1/2"]
[WhiteTitle "FM"]
[BlackTitle "FM"]
[WhiteElo "2431"]
[BlackElo "2342"]
[WhiteFideId "6349196"]
[BlackFideId "6349269"]
[EventDate "2018.09.05"]

1. d4 f5 2. c4 Nf6 3. Nf3 e6 4. g3 d5 5. cxd5 exd5 6. Bg2 Bd6 7. O-O O-O 8. Nc3
c6 9. Ne1 Qe7 10. Nd3 Nbd7 11. Bf4 b6 12. Re1 Bb7 13. Rc1 Rae8 14. Qa4 a5 15.
Qb3 Bxf4 16. Nxf4 Ne4 17. Na4 Nd2 18. Qd3 Nc4 19. b3 Nd6 20. e3 Kh8 21. Kh1 Kg8
22. Kg1 Kh8 23. Kh1 Kg8 24. Kg1 1/2-1/2

[Event "57th World Juniors 2018"]
[Site "Manavgat TUR"]
[Date "2018.09.14"]
[Round "10.40"]
[White "Tasdogen, Dincer"]
[Black "Sibashvili, Giorgi"]
[Result "0-1"]
[WhiteTitle "FM"]
[BlackTitle "IM"]
[WhiteElo "2329"]
[BlackElo "2425"]
[WhiteFideId "6367097"]
[BlackFideId "13602799"]
[EventDate "2018.09.05"]

1. e4 e5 2. Nf3 Nc6 3. d4 exd4 4. Nxd4 Qf6 5. Nxc6 Bc5 6. Qf3 bxc6 7. Nc3 Qxf3
8. gxf3 Ne7 9. Rg1 O-O 10. Be3 Bxe3 11. fxe3 d6 12. Bc4 Kh8 13. f4 f5 14. Bd3
Bb7 15. O-O-O Rae8 16. Rg5 h6 17. Rh5 c5 18. Nb5 fxe4 19. Bf1 Nf5 20. Rh3 Re7
21. c4 a6 22. Nc3 Rf6 23. a3 a5 24. Kc2 Rg6 25. Kd2 Kg8 26. Rh5 Rf6 27. Be2 g6
28. Rh3 h5 29. Rg1 Kf7 30. Nd5 Bxd5 31. cxd5 Re8 32. Kc3 Rb8 33. Bd1 Ne7 34. Bb3
Rf5 35. Rhg3 Rg8 36. Rd1 g5 37. fxg5 Rgxg5 38. Rxg5 Rxg5 39. Rd2 Kf6 40. Rf2+
Rf5 41. Rg2 Nxd5+ 42. Kd2 Ne7 43. Bd1 d5 44. Bc2 Rg5 45. Rf2+ Nf5 46. Bd1 d4 0-1

[Event "57th World Juniors 2018"]
[Site "Manavgat TUR"]
[Date "2018.09.14"]
[Round "10.41"]
[White "Dobrovoljc, Vid"]
[Black "Secheres, Adrian-Simion"]
[Result "1/2-1/2"]
[WhiteTitle "FM"]
[BlackTitle "FM"]
[WhiteElo "2316"]
[BlackElo "2408"]
[WhiteFideId "14609843"]
[BlackFideId "1217445"]
[EventDate "2018.09.05"]

1. d4 Nf6 2. c4 g6 3. Nc3 Bg7 4. e4 d6 5. h3 O-O 6. Be3 e5 7. d5 a5 8. g4 Na6 9.
Nge2 c6 10. Ng3 cxd5 11. cxd5 Bd7 12. Be2 Nc5 13. h4 a4 14. f3 Qa5 15. Qd2 Rfc8
16. Rb1 b5 17. h5 b4 18. Nd1 Bb5 19. Bxb5 Qxb5 20. Qe2 Qb7 21. Rc1 a3 22. Bxc5
axb2 23. Qxb2 Rxc5 24. Rxc5 dxc5 25. g5 Ne8 26. Ne3 Ra3 27. Qe2 Qa7 28. Rh2 Nd6
29. Rf2 Rc3 30. Nd1 Rc4 31. Nf1 Rd4 32. Nfe3 Qa5 33. Kf1 c4 34. Nc2 Rd3 35. Nb2
Rc3 36. Nd1 Rd3 37. Nb2 Qb5 38. Kg2 Rc3 39. Nd1 Rd3 40. Nb2 Rc3 41. Nd1 Rd3 1/2-1/2

[Event "57th World Juniors 2018"]
[Site "Manavgat TUR"]
[Date "2018.09.14"]
[Round "10.43"]
[White "Nikolovski, Nikola"]
[Black "Suleymenov, Alisher"]
[Result "1/2-1/2"]
[WhiteTitle "IM"]
[BlackTitle "FM"]
[WhiteElo "2388"]
[BlackElo "2307"]
[WhiteFideId "15002314"]
[BlackFideId "13707833"]
[EventDate "2018.09.05"]

1. e4 c5 2. Nf3 Nc6 3. d4 cxd4 4. Nxd4 Nf6 5. Nc3 d6 6. Bg5 Bd7 7. Qd2 Rc8 8.
O-O-O Nxd4 9. Qxd4 Qa5 10. Bd2 a6 11. Kb1 Qc5 12. Qxc5 Rxc5 13. Be3 Rc8 14. f3
g6 15. Bd4 Bg7 16. Be2 O-O 17. g4 Be6 18. h4 Nd7 19. f4 Bxd4 20. Rxd4 f6 21. Nd1
h6 22. f5 Bf7 23. fxg6 Bxg6 24. Bc4+ Bf7 25. Bd5 Rc7 26. Ne3 Ne5 27. Rdd1 b5 28.
a3 a5 29. Rh3 Kg7 30. Rf1 e6 31. Bb3 Re7 32. Rh2 Bg6 33. Rd2 Nf7 34. Rf4 Rc8 35.
Kc1 Rc5 36. Rdf2 Re5 37. Rxf6 Rxe4 38. Kd2 a4 39. Ba2 d5 40. c3 d4 41. cxd4
Rxd4+ 42. Ke2 Bd3+ 43. Ke1 Rc7 44. Rxe6 Nd6 45. Rd2 Rc5 46. Kf2 Nc4 47. Bxc4
bxc4 48. Rd1 Rf4+ 49. Kg3 Rf7 50. Rd2 1/2-1/2

[Event "57th World Juniors 2018"]
[Site "Manavgat TUR"]
[Date "2018.09.14"]
[Round "10.45"]
[White "Agmanov, Zhandos"]
[Black "Petkov, Momchil"]
[Result "1/2-1/2"]
[WhiteTitle "FM"]
[BlackTitle "FM"]
[WhiteElo "2379"]
[BlackElo "2163"]
[WhiteFideId "13708309"]
[BlackFideId "2921642"]
[EventDate "2018.09.05"]

1. e4 c5 2. Nf3 Nc6 3. Bb5 g6 4. O-O Bg7 5. Bxc6 dxc6 6. d3 Nf6 7. h3 O-O 8. Nc3
b6 9. Be3 e5 10. Qd2 Qd6 11. Bh6 Ne8 12. Ne2 Nc7 13. Nh2 Ne6 14. Bxg7 Nxg7 15.
f4 f5 16. fxe5 Qxe5 17. Nc3 Qd4+ 18. Qf2 Be6 19. Nf3 Qxf2+ 20. Rxf2 fxe4 21.
dxe4 Rad8 22. Rff1 Nh5 23. Ne5 Rd2 24. Rxf8+ Kxf8 25. Rf1+ Kg7 26. Rf2 Rd6 27.
Nf3 h6 28. Kh2 g5 29. g3 Rd8 30. Ne5 Rd6 31. Nd3 c4 32. Ne5 b5 33. Nf3 a5 34. a3
Rd8 35. Ne5 Rd6 36. Nf3 Rd8 37. e5 Rf8 38. Ne4 Bd5 39. Nd4 Rxf2+ 40. Nxf2 Kg6
41. c3 Ng7 42. g4 Ne8 43. Kg3 1/2-1/2

[Event "57th World Juniors 2018"]
[Site "Manavgat TUR"]
[Date "2018.09.14"]
[Round "10.46"]
[White "Philippe, Guillaume"]
[Black "Kamer, Kayra"]
[Result "1/2-1/2"]
[WhiteTitle "FM"]
[WhiteElo "2358"]
[BlackElo "2205"]
[WhiteFideId "36048763"]
[BlackFideId "6367879"]
[EventDate "2018.09.05"]

1. e4 c5 2. Nf3 e6 3. d4 cxd4 4. Nxd4 a6 5. Bd3 Bc5 6. Nb3 Be7 7. O-O Nc6 8. Nc3
Nf6 9. f4 d6 10. Qf3 Qc7 11. Be3 h5 12. h3 h4 13. Qf2 b6 14. a4 Nd7 15. Nd4 Nb4
16. Rac1 Bb7 17. f5 e5 18. Nb3 d5 19. exd5 Nxd5 20. Nxd5 Bxd5 21. c4 Bc6 22. c5
b5 23. axb5 axb5 24. Nd2 Qb7 25. b4 Ra4 26. Rb1 Nf6 27. Bc2 Ra2 28. Rfc1 Rh5 29.
Qe2 Qa8 30. Nb3 Rxf5 31. Na5 Nd5 32. Bd2 Bg5 33. Bxf5 Be3+ 34. Kh1 Rxd2 35. Qh5
Nc3 36. Qh8+ Ke7 37. Nxc6+ Qxc6 38. Qxg7 Nxb1 39. Qxe5+ Kd8 40. Be4 Qd7 41. Bf3
Rxg2 42. Qf6+ Kc8 43. Qa6+ Kd8 44. Qf6+ Kc8 45. Qa6+ Kd8 46. Qf6+ 1/2-1/2

[Event "57th World Juniors 2018"]
[Site "Manavgat TUR"]
[Date "2018.09.14"]
[Round "10.49"]
[White "Kevlishvili, Robby"]
[Black "Gunduz, Umut Erdem"]
[Result "1-0"]
[WhiteTitle "IM"]
[WhiteElo "2485"]
[BlackElo "2119"]
[WhiteFideId "1040634"]
[BlackFideId "6381383"]
[EventDate "2018.09.05"]

1. e4 e5 2. Nf3 Nc6 3. Bb5 a6 4. Ba4 Nf6 5. O-O Be7 6. Re1 b5 7. Bb3 O-O 8. d3
Bb7 9. Nc3 d6 10. a3 Na5 11. Ba2 c5 12. b4 Nc6 13. Nd5 cxb4 14. axb4 Nxd5 15.
Bxd5 Qc7 16. Bd2 Bd8 17. c3 Ne7 18. Bb3 h6 19. Nh4 Kh7 20. d4 Ng8 21. Nf5 g6 22.
Ng3 Bf6 23. Rc1 Rad8 24. d5 Rc8 25. c4 bxc4 26. Bxc4 Qb6 27. Qe2 Bg5 28. Nf1
Bxd2 29. Nxd2 Rc7 30. Rb1 Ne7 31. Bd3 Rc3 32. Nc4 Qc7 33. Na5 f5 34. Qd2 fxe4
35. Bxe4 Ba8 36. Nc6 Ra3 37. Qb2 Ra4 38. Nxe7 Qxe7 39. Qb3 Qd7 40. Bc2 Qf7 41.
f3 Bxd5 42. Qxa4 Qa7+ 43. Kh1 Rxf3 44. Be4 Bxe4 45. Rxe4 Qf2 46. Ree1 h5 47.
Qxa6 1-0

[Event "57th World Juniors 2018"]
[Site "Manavgat TUR"]
[Date "2018.09.14"]
[Round "10.50"]
[White "Sargsyan, Shant"]
[Black "Samani, Yamac"]
[Result "1/2-1/2"]
[WhiteTitle "IM"]
[BlackTitle "FM"]
[WhiteElo "2477"]
[BlackElo "2226"]
[WhiteFideId "13306766"]
[BlackFideId "6352634"]
[EventDate "2018.09.05"]

1. b3 c5 2. Bb2 Nc6 3. Nf3 Nf6 4. e3 d5 5. Bb5 Bd7 6. O-O e6 7. d3 Be7 8. Nbd2
O-O 9. Bxc6 Bxc6 10. Ne5 Rc8 11. f4 Nd7 12. Qg4 Nxe5 13. Bxe5 g6 14. Nf3 Bd7 15.
h4 f6 16. Bb2 Rf7 17. Qh3 e5 18. Qg3 exf4 19. Qxf4 Qc7 20. Qxc7 Rxc7 21. Rae1
Bd6 22. e4 d4 23. Kf2 b5 24. g3 Bg4 25. Bc1 Be5 26. Bf4 c4 27. Kg2 cxd3 28. cxd3
Rc2+ 29. Rf2 Bxf3+ 30. Kxf3 Rfc7 31. Rxc2 Rxc2 32. Re2 Rxe2 33. Kxe2 Kf7 34. Kf3
h5 35. g4 Bxf4 36. Kxf4 hxg4 37. Kxg4 Ke6 1/2-1/2

[Event "57th World Juniors 2018"]
[Site "Manavgat TUR"]
[Date "2018.09.14"]
[Round "10.52"]
[White "Miciano, John Marvin"]
[Black "Noboa, Kevin"]
[Result "0-1"]
[WhiteTitle "IM"]
[BlackTitle "FM"]
[WhiteElo "2374"]
[BlackElo "2256"]
[WhiteFideId "5211948"]
[BlackFideId "3618471"]
[EventDate "2018.09.05"]

1. e4 e6 2. d4 d5 3. Nc3 Nf6 4. e5 Nfd7 5. f4 c5 6. Nf3 Be7 7. Be3 b6 8. Qd2 O-O
9. O-O-O c4 10. f5 b5 11. Bg5 b4 12. Bxe7 Qxe7 13. Nb5 Nc6 14. b3 c3 15. Qe3 a5
16. Bd3 a4 17. Kb1 axb3 18. cxb3 exf5 19. h3 Nf6 20. g4 Ne4 21. Rhg1 fxg4 22.
Bxe4 dxe4 23. Ng5 Bf5 24. hxg4 c2+ 25. Kxc2 Rxa2+ 26. Kb1 Rfa8 27. Rc1 Bg6 28.
Rge1 h6 29. Nxe4 Qe6 30. Nd6 Nxd4 31. Rc8+ Qxc8 32. Nxc8 Ra1+ 33. Kb2 R8a2# 0-1

[Event "57th World Juniors 2018"]
[Site "Manavgat TUR"]
[Date "2018.09.14"]
[Round "10.55"]
[White "Milosevic, Milos"]
[Black "Daghan, Devran"]
[Result "1-0"]
[WhiteTitle "FM"]
[WhiteElo "2292"]
[BlackElo "2004"]
[WhiteFideId "964875"]
[BlackFideId "6371930"]
[EventDate "2018.09.05"]

1. e4 c5 2. Nc3 Nc6 3. Bb5 g6 4. Bxc6 bxc6 5. f4 Bg7 6. Nf3 Nf6 7. O-O O-O 8. d3
d6 9. h3 Ne8 10. f5 gxf5 11. Qe1 fxe4 12. dxe4 Ba6 13. Rf2 Nc7 14. Kh1 Ne6 15.
Nh2 Nd4 16. Nd1 Bc8 17. c3 Qa5 18. b4 cxb4 19. cxd4 Bxd4 20. Rb1 Bxf2 21. Qxf2
Qh5 22. Ne3 a5 23. Nhg4 Bxg4 24. Nxg4 f6 25. Rb3 c5 26. Rf3 c4 27. Bh6 c3 28.
Rg3 Kh8 29. e5 dxe5 30. Qf3 c2 31. Kh2 Qxh6 32. Nxh6 c1=Q 33. Nf7+ 1-0

[Event "57th World Juniors 2018"]
[Site "Manavgat TUR"]
[Date "2018.09.14"]
[Round "10.56"]
[White "Silva, David"]
[Black "Garidmagnai, Byambasuren"]
[Result "0-1"]
[WhiteTitle "IM"]
[BlackTitle "FM"]
[WhiteElo "2223"]
[BlackElo "2287"]
[WhiteFideId "10101314"]
[BlackFideId "4902963"]
[EventDate "2018.09.05"]

1. Nf3 Nf6 2. g3 d6 3. d4 b5 4. Bg2 Bb7 5. O-O Nbd7 6. a4 b4 7. a5 Rb8 8. c4
bxc3 9. Nxc3 e6 10. Ne1 Bxg2 11. Nxg2 d5 12. Qd3 Bb4 13. Bf4 Nh5 14. Bd2 O-O 15.
Na4 Bd6 16. Rfc1 Nhf6 17. Bf4 Ne4 18. Nc3 Bxf4 19. Nxf4 Nd6 20. Na4 Nc4 21. Qc3
c6 22. Nd3 Nxa5 23. Nac5 Nxc5 24. Nxc5 Nc4 25. b3 Nd6 26. e3 Nb5 27. Qa5 Qd6 28.
Ra2 f6 29. Rac2 e5 30. Nd3 Rb6 31. dxe5 fxe5 32. Nb4 Rc8 33. Rc5 Rc7 34. Na6 Rc8
35. Nb4 d4 36. Nd5 Rbb8 37. e4 Kh8 38. b4 d3 39. Qa6 d2 40. Rd1 Nd4 41. Nc3 Rf8
42. Kg2 Rxb4 43. Qa5 Rb2 44. Rc4 Qf6 45. f4 exf4 46. e5 f3+ 47. Kh1 Qf5 0-1

[Event "57th World Juniors 2018"]
[Site "Manavgat TUR"]
[Date "2018.09.14"]
[Round "10.62"]
[White "Tarlabasi, Emirhan"]
[Black "Zlatin, Alexander"]
[Result "1-0"]
[WhiteElo "2193"]
[BlackElo "2312"]
[WhiteFideId "6350275"]
[BlackFideId "2810549"]
[EventDate "2018.09.05"]

1. d4 Nf6 2. c4 e6 3. Nf3 Bb4+ 4. Nbd2 a5 5. a3 Bxd2+ 6. Qxd2 d6 7. e3 b6 8. Be2
a4 9. O-O Bb7 10. Qc2 O-O 11. b4 axb3 12. Qxb3 Qe7 13. Bb2 Ne4 14. Qc2 f5 15.
Ne1 Nd7 16. f3 Nef6 17. a4 Nh5 18. Bc3 f4 19. e4 Qh4 20. Nd3 Rf6 21. Nf2 Rg6 22.
Rfb1 d5 23. cxd5 exd5 24. e5 Nf8 25. Bd3 Rc6 26. Qb3 Qd8 27. Bd2 Ne6 28. a5 Nxd4
29. Qa4 Ne6 30. a6 Nc5 31. Qc2 Nxa6 32. Bxh7+ Kh8 33. Qf5 Qe8 34. e6 Nf6 35. Bg6
Qxe6 36. Qxf4 Rc4 37. Qg5 Nc5 38. Rxa8+ Bxa8 39. Re1 Nce4 40. fxe4 dxe4 41. Bf5
Qd5 42. Be3 c5 43. Ng4 Nh7 44. Qh5 Qg8 45. Rd1 Rd4 46. Bxd4 1-0

[Event "57th World Juniors 2018"]
[Site "Manavgat TUR"]
[Date "2018.09.14"]
[Round "10.64"]
[White "Ozenir, Ekin Baris"]
[Black "Cirovic, Miroljub"]
[Result "1/2-1/2"]
[WhiteTitle "FM"]
[WhiteElo "2303"]
[BlackElo "2181"]
[WhiteFideId "6357415"]
[BlackFideId "16502868"]
[EventDate "2018.09.05"]

1. d4 Nf6 2. Bg5 e6 3. e4 c5 4. d5 d6 5. Nc3 Be7 6. Bb5+ Bd7 7. dxe6 fxe6 8. e5
dxe5 9. Bxf6 Bxf6 10. Qh5+ g6 11. Qg4 Nc6 12. O-O-O Qc7 13. Qc4 O-O-O 14. Qxc5
Kb8 15. Nf3 a6 16. Ba4 Rhf8 17. Kb1 Nd4 18. Qxc7+ Kxc7 19. Bxd7 Rxd7 20. Nd2 b5
21. Nce4 Be7 22. c3 Nc6 23. Nf3 Rf4 24. Rxd7+ Kxd7 25. Re1 h6 26. Re2 g5 27. Ne1
Rh4 28. h3 g4 29. hxg4 Rxg4 30. f3 Rg6 31. Nd3 a5 32. Kc2 h5 33. Kd1 h4 34. Ke1
Rh6 35. Nef2 Rh5 36. Ng4 Kd6 37. Ngf2 b4 38. Kf1 bxc3 39. bxc3 Rh8 40. Rb2 Rb8
41. Rxb8 Nxb8 42. Ke2 Kd5 43. Ng4 Nc6 44. Ne3+ Kd6 45. Nc4+ Kd5 46. Nb6+ Kd6 47.
Nc4+ Kd5 48. Ne3+ Kd6 49. Nf2 Kc5 50. a4 Kb6 51. Ne4 Bf8 52. Nc4+ Kc7 53. Kd3
Kd7 54. Ned2 Ne7 55. Nxe5+ Kc7 56. Ndc4 Nd5 57. Ne3 Nf4+ 58. Ke4 Nxg2 59. N3g4
Bd6 60. Nc4 Bg3 61. Nxa5 h3 62. Nb3 h2 63. Nxh2 Bxh2 64. Nd4 Nf4 65. a5 1/2-1/2

[Event "57th World Juniors 2018"]
[Site "Manavgat TUR"]
[Date "2018.09.14"]
[Round "10.66"]
[White "Gulbeyaz, Emir"]
[Black "Piyumantha, M Sasith Nipun"]
[Result "1/2-1/2"]
[BlackTitle "FM"]
[WhiteElo "2285"]
[BlackElo "2139"]
[WhiteFideId "6377076"]
[BlackFideId "9916148"]
[EventDate "2018.09.05"]

1. e4 c5 2. b3 g6 3. Bb2 Nf6 4. g3 Bg7 5. Bg2 d6 6. Ne2 O-O 7. O-O Nc6 8. c4 e5
9. h3 Nh5 10. Kh2 Nd4 11. Nxd4 cxd4 12. d3 Bh6 13. Nd2 Ng7 14. b4 a5 15. bxa5
Qxa5 16. Nb3 Qc7 17. Bc1 Bxc1 18. Qxc1 Ne6 19. f4 f6 20. f5 Nc5 21. Nxc5 dxc5
22. h4 Kg7 23. Bh3 Bd7 24. g4 gxf5 25. gxf5 Kh8 26. Qh6 Qd6 27. Rg1 Rf7 28. h5
Qf8 29. Qd2 Rg7 30. h6 Rxg1 31. Rxg1 Re8 32. Rg7 Re7 33. Rg3 Re8 34. Bg2 b6 35.
Bf3 Re7 36. Kg1 Bc6 37. Bd1 Ra7 38. Qg2 Rb7 39. Bh5 Rb8 40. Rg7 Rb7 1/2-1/2

[Event "57th World Juniors 2018"]
[Site "Manavgat TUR"]
[Date "2018.09.14"]
[Round "10.68"]
[White "Aydincelebi, Kagan"]
[Black "Thilakarathne, G M H"]
[Result "1-0"]
[WhiteTitle "FM"]
[BlackTitle "FM"]
[WhiteElo "2060"]
[BlackElo "2238"]
[WhiteFideId "6361102"]
[BlackFideId "9912053"]
[EventDate "2018.09.05"]

1. e4 c5 2. Nf3 d6 3. Bb5+ Nd7 4. a4 Nf6 5. Nc3 g6 6. a5 Bg7 7. a6 O-O 8. O-O
Ne8 9. d4 bxa6 10. Bxa6 Bxa6 11. Rxa6 Nc7 12. Ra2 a6 13. Be3 Nb5 14. Qd2 Nxc3
15. Qxc3 Qc8 16. Qd3 Qb7 17. d5 Qb5 18. Qd2 Rfb8 19. Bg5 Nf6 20. Re1 Qb4 21. Qd3
h6 22. Bd2 Qb5 23. Qe3 Qd7 24. Bc3 Re8 25. Nd2 e6 26. Bxf6 Bxf6 27. Nc4 Qd8 28.
Qd2 Bg7 29. c3 a5 30. Rea1 a4 31. Rxa4 Rxa4 32. Rxa4 exd5 33. Qxd5 Qe7 34. Nxd6
Rd8 35. Ra8 Rxa8 36. Qxa8+ Kh7 37. Qd5 Qa7 38. g3 Qa1+ 39. Kg2 Qxb2 40. c4 Qe2
41. Qxf7 h5 42. h4 Qd3 43. Qe7 Kh6 44. Nf7+ Kh7 45. Ng5+ Kh6 46. Qe6 Bf6 47. Qg8 1-0